<?xml version="1.0" encoding="UTF-8"?><?xml-stylesheet type="text/xsl" href="static/style.xsl"?><OAI-PMH xmlns="http://www.openarchives.org/OAI/2.0/" xmlns:xsi="http://www.w3.org/2001/XMLSchema-instance" xsi:schemaLocation="http://www.openarchives.org/OAI/2.0/ http://www.openarchives.org/OAI/2.0/OAI-PMH.xsd"><responseDate>2026-04-28T19:26:33Z</responseDate><request verb="GetRecord" identifier="oai:uvadoc.uva.es:10324/8351" metadataPrefix="marc">https://uvadoc.uva.es/oai/request</request><GetRecord><record><header><identifier>oai:uvadoc.uva.es:10324/8351</identifier><datestamp>2021-06-18T10:28:57Z</datestamp><setSpec>com_10324_38</setSpec><setSpec>col_10324_787</setSpec></header><metadata><record xmlns="http://www.loc.gov/MARC21/slim" xmlns:doc="http://www.lyncode.com/xoai" xmlns:xsi="http://www.w3.org/2001/XMLSchema-instance" xmlns:dcterms="http://purl.org/dc/terms/" xsi:schemaLocation="http://www.loc.gov/MARC21/slim http://www.loc.gov/standards/marcxml/schema/MARC21slim.xsd">
<leader>00925njm 22002777a 4500</leader>
<datafield tag="042" ind1=" " ind2=" ">
<subfield code="a">dc</subfield>
</datafield>
<datafield tag="720" ind1=" " ind2=" ">
<subfield code="a">Pérez Monjas, Sara María</subfield>
<subfield code="e">author</subfield>
</datafield>
<datafield tag="260" ind1=" " ind2=" ">
<subfield code="c">2014</subfield>
</datafield>
<datafield tag="520" ind1=" " ind2=" ">
<subfield code="a">Las dificultades en el aprendizaje de las matemáticas pueden ser una de las causas de fracaso escolar y, en ocasiones, pueden incluso llevar a los alumnos al abandono escolar. El profesor debe conocer las causas y características de estas dificultades para poder tratarlas de la mejor forma posible. En el presente trabajo, se ha pretendido conocer también las dificultades en el aprendizaje del álgebra. Por este motivo, se ha realizado una prueba a alglunos alumnos y, a través de ella y sus respuestas se ha efectuado un análisis que ha permitido llevar a cabo un estudio de los errores y dificultades que más frecuentemente cometen los alumnos en la primera etapa de la ESO.</subfield>
</datafield>
<datafield tag="024" ind2=" " ind1="8">
<subfield code="a">http://uvadoc.uva.es/handle/10324/8351</subfield>
</datafield>
<datafield ind1=" " ind2=" " tag="653">
<subfield code="a">Matemáticas - Estudio y enseñanza (Secundaria)</subfield>
</datafield>
<datafield ind1=" " ind2=" " tag="653">
<subfield code="a">Álgebra - Estudio y enseñanza (Secundaria)</subfield>
</datafield>
<datafield tag="245" ind1="0" ind2="0">
<subfield code="a">Dificultades en el aprendizaje de las matemáticas</subfield>
</datafield>
</record></metadata></record></GetRecord></OAI-PMH>